[Event "Mitropa Cup Open 2019"]
[Site "Radenci"]
[Date "2019.05.30"]
[Round "4.20"]
[White "Lodici, Lorenzo"]
[Black "Zilka, Stepan"]
[Result "1/2-1/2"]
[WhiteElo "2453"]
[BlackElo "2527"]
[Annotator "TA"]
[PlyCount "62"]
[EventDate "2019.05.27"]
[EventType "team-tourn"]
[EventCountry "SLO"]
[SourceTitle "playchess.com"]
[Source "ChessBase"]
[SourceQuality "1"]
[WhiteTeam "Italy"]
[BlackTeam "Czech Republic"]
[WhiteTeamCountry "ITA"]
[BlackTeamCountry "CZE"]

{[%evp 9,62,15,31,25,27,27,19,19,31,32,35,31,20,14,12,23,8,17,19,0,24,26,19,23,53,37,50,17,25,4,33,4,4,4,3,3,5,0,0,0,0,0,0,0,0,0,0,0,0,0,7,7,14,14,14]} 1. d4 d5 2. c4 e6 3. Nf3 a6 4. Nbd2 (4. e3 Nf6 5. Nc3 dxc4 6. Bxc4 b5 7. Be2 Bb7 8. O-O Nbd7 9. b3 c5 10. Bb2 Be7 11. Rc1 O-O 12. Qc2 Rc8 13. Qb1 Qb6 14. Rfd1 Rfd8 15. h3 h6 16. dxc5 Nxc5 17. Rxd8+ Rxd8 {0-1 (59) Mamedyarov,S (2817)-Carlsen,M (2835) St Petersburg 2018}) 4... Nf6 5. g3 c5 6. Bg2 {D30: Queen's Gambit Declined: Systems without Nc3} Nc6 7. O-O cxd4 8. cxd5 exd5 9. Nb3 Be7 10. Bf4 O-O 11. Nfxd4 Re8 $146 ({Predecessor:} 11... Nh5 12. Nxc6 bxc6 {0-1 (43) Kopylov,M (2450)-Teske,H (2500) Germany 2014}) 12. Nxc6 bxc6 13. Rc1 Bd7 14. Be5 Bf8 15. Bd4 Ne4 16. Bxe4 dxe4 17. Bc5 Bh3 18. Qxd8 (18. Re1 {is interesting.} Bxc5 19. Nxc5 Qg5 20. Qc2 h5 21. Nxe4 Qd5 22. f3) 18... Raxd8 19. Rfd1 (19. Rfe1 {keeps more tension.} Be6 20. Bxf8 Kxf8 21. Rxc6 Rb8 22. Rd1) 19... Rxd1+ 20. Rxd1 Be6 {[#] And now ...Bxb3 would win.The position is equal.} 21. Bxf8 Bxb3 $1 22. axb3 {Black must now prevent Bc5.} Kxf8 $11 {[%mdl 4096] Endgame KR-KR} 23. Ra1 Rb8 24. Rxa6 Rxb3 25. Rxc6 Rxb2 26. e3 Rb5 27. Rc4 Re5 28. g4 h5 29. h3 hxg4 30. hxg4 g5 31. Kf1 Kg7 {Accuracy: White = 80%, Black = 76%.} 1/2-1/2

[Event "Mitropa Cup Open 2019"]
[Site "Radenci"]
[Date "2019.05.31"]
[Round "5.1"]
[White "Stella, Andrea"]
[Black "Mihok, Oliver"]
[Result "1/2-1/2"]
[WhiteElo "2511"]
[BlackElo "2541"]
[Annotator "TA"]
[PlyCount "59"]
[EventDate "2019.05.27"]
[EventType "team-tourn"]
[EventCountry "SLO"]
[SourceTitle "playchess.com"]
[Source "ChessBase"]
[SourceQuality "1"]
[WhiteTeam "Italy"]
[BlackTeam "Hungary"]
[WhiteTeamCountry "ITA"]
[BlackTeamCountry "HUN"]

{[%evp 23,59,32,14,34,66,70,58,78,66,68,72,71,68,65,52,54,55,50,66,67,37,21,40,38,21,22,19,21,22,24,32,6,19,0,35,0,16,0]} 1. d4 Nf6 2. c4 g6 3. g3 Bg7 4. Bg2 O-O 5. Nc3 d6 6. Nf3 Nbd7 7. O-O e5 8. e4 exd4 9. Nxd4 Re8 10. h3 Rb8 ({Predecessor:} 10... a6 11. Be3 {½-½ (33) Studer,N (2477)-Belous,M (2343) Bhubaneswar 2016}) 11. Be3 a6 12. b3 c5 13. Nde2 {E68: King's Indian: Fianchetto: 6...Nbd7 7 0-0 e5 8 e4} b5 $1 {[%cal Rb5b4] next ...b4 is good for Black.} 14. Qxd6 b4 15. Na4 {White is slightly better.} Nxe4 16. Bxe4 {Strongly threatening Rad1.} Bxa1 17. Rxa1 Rxe4 18. Nxc5 {[%mdl 64] [#] Double Attack} Re8 19. Rd1 {Threatens to win with Nf4.} Qe7 $1 {[%cal Re7d6]} 20. Qxe7 ({Of course not} 20. Nxd7 Bxd7 21. Qxe7 (21. Qxd7 $2 Rbd8 $19) 21... Rxe7 $11) (20. Nxa6 Bxa6 21. Qxa6 Ne5 $11) 20... Rxe7 21. Nf4 Nxc5 22. Bxc5 Re8 23. Nd5 {[#] aiming for Nf6+.} Re2 24. Bxb4 $146 {Hoping for Nf6+.} (24. Nf4) 24... Be6 $1 {[%cal Re6d5]} ({Much weaker is} 24... Bxh3 $6 25. Bd6 $16) 25. Nf6+ Kg7 26. Bc3 {Nd7+ is the strong threat.} Ra8 27. Nd7+ Kg8 28. Nf6+ Kg7 $1 29. Nd7+ Kg8 30. Nf6+ {Accuracy: White = 64%, Black = 100%.} 1/2-1/2

[Event "Mitropa Cup Open 2019"]
[Site "Radenci"]
[Date "2019.05.31"]
[Round "5.2"]
[White "Nagy, Gabor"]
[Black "Shytaj, Luca"]
[Result "1-0"]
[WhiteElo "2471"]
[BlackElo "2490"]
[Annotator "ChessBase"]
[PlyCount "65"]
[EventDate "2019.05.27"]
[EventType "team-tourn"]
[EventCountry "SLO"]
[SourceTitle "playchess.com"]
[Source "ChessBase"]
[SourceQuality "1"]
[WhiteTeam "HUN"]
[BlackTeam "ITA"]
[WhiteTeamCountry "HUN"]
[TimeControl "40/5400+30:1800+30"]

1. Nf3 {[%emt 0:00:00]} Nf6 {[%emt 0:00:00]} 2. c4 {[%emt 0:00:23]} e6 {[%emt 0:00:00]} 3. g3 {[%emt 0:00:40]} a6 {[%emt 0:00:24]} 4. Bg2 {[%emt 0:00:41]} b5 {[%emt 0:00:35]} 5. b3 {[%emt 0:00:24]} Bb7 {[%emt 0:00:27]} 6. O-O {[%emt 0:00:16]} Be7 {[%emt 0:01:10]} 7. Nc3 {[%emt 0:03:03]} b4 {[%emt 0:08:46]} 8. Na4 {[%emt 0:01:03]} O-O {[%emt 0:01:49]} 9. d4 {[%emt 0:00:52]} Be4 {[%emt 0:06:37]} 10. Ne5 {[%emt 0:03:51]} Bxg2 {[%emt 0:01:55]} 11. Kxg2 {[%emt 0:00:08]} a5 {[%emt 0:01:58]} 12. e3 {[%emt 0:03:14]} d6 {[%emt 0:04:02]} 13. Qf3 {[%emt 0:01:44]} Ra6 {[%emt 0:00:41]} 14. Nd3 {[%emt 0:00:49]} Nfd7 {[%emt 0:04:06]} 15. Bb2 {[%emt 0:04:17]} Nb6 {[%emt 0:06:52]} 16. Nxb6 {[%emt 0:00:42]} cxb6 {[%emt 0:00:11]} 17. Qe2 {[%emt 0:04:22]} Ra7 {[%emt 0:04:51]} 18. e4 {[%emt 0:01:07]} Nd7 {[%emt 0:08:33]} 19. f4 {[%emt 0:00:37]} b5 {[%emt 0:01:06]} 20. f5 {[%emt 0:06:10]} bxc4 {[%emt 0:01:39]} 21. bxc4 {[%emt 0:00:54]} Nb6 {[%emt 0:02:26]} 22. fxe6 {[%emt 0:00:28]} fxe6 {[%emt 0:02:23]} 23. Nf4 {[%emt 0:08:53]} Qc8 {[%emt 0:08:56]} 24. c5 {[%emt 0:04:12]} dxc5 {[%emt 0:01:34]} 25. dxc5 {[%emt 0:00:14]} Bxc5 {[%emt 0:05:54]} 26. Rac1 {[%emt 0:00:10]} Na4 {[%emt 0:01:31]} 27. Bd4 {[%emt 0:05:38]} Rc7 {[%emt 0:05:57]} 28. Be5 {[%emt 0:00:37]} Bd6 {[%emt 0:02:35]} 29. Rxc7 {[%emt 0:00:11]} Bxc7 {[%emt 0:00:31]} 30. Bxc7 {[%emt 0:00:27]} g5 {[%emt 0:01:39]} 31. Qg4 {[%emt 0:02:50]} Rf7 {[%emt 0:01:10]} 32. Nd5 {[%emt 0:03:10]} Rxc7 {[%emt 0:00:36]} 33. Nxc7 {[%emt 0:00:22]} 1-0

[Event "Mitropa Cup Open 2019"]
[Site "Radenci"]
[Date "2019.05.31"]
[Round "5.3"]
[White "Lodici, Lorenzo"]
[Black "Kozak, Adam"]
[Result "1/2-1/2"]
[WhiteElo "2453"]
[BlackElo "2458"]
[Annotator "ChessBase"]
[PlyCount "60"]
[EventDate "2019.05.27"]
[EventType "team-tourn"]
[EventCountry "SLO"]
[SourceTitle "playchess.com"]
[Source "ChessBase"]
[SourceQuality "1"]
[WhiteTeam "Italy"]
[BlackTeam "Hungary"]
[WhiteTeamCountry "ITA"]
[BlackTeamCountry "HUN"]
[TimeControl "40/5400+30:1800+30"]

1. d4 {[%emt 0:00:00]} Nf6 {[%emt 0:00:00]} 2. c4 {[%emt 0:00:00]} e6 {[%emt 0:00:00]} 3. g3 {[%emt 0:00:00]} Bb4+ {[%emt 0:00:06]} 4. Bd2 {[%emt 0:00:00]} Be7 {[%emt 0:00:05]} 5. Bg2 {[%emt 0:00:00]} d5 {[%emt 0:00:05]} 6. Nf3 {[%emt 0:00:11]} O-O {[%emt 0:00:09]} 7. O-O {[%emt 0:00:04]} Nbd7 {[%emt 0:00:07]} 8. Qc2 {[%emt 0:00:04]} c6 {[%emt 0:00:09]} 9. Rd1 {[%emt 0:00:03]} b6 {[%emt 0:00:44]} 10. b3 {[%emt 0:00:04]} Ba6 {[%emt 0:02:42]} 11. Bc1 {[%emt 0:05:47]} Rc8 {[%emt 0:01:46]} 12. Bb2 {[%emt 0:00:05]} Qc7 {[%emt 0:11:25]} 13. Nc3 {[%emt 0:10:02]} dxc4 {[%emt 0:01:43]} 14. e4 {[%emt 0:02:09]} Rfd8 {[%emt 0:04:55]} 15. Nd2 {[%emt 0:29:37]} b5 {[%emt 0:05:06]} 16. bxc4 {[%emt 0:03:03]} bxc4 {[%emt 0:01:05]} 17. Na4 {[%emt 0:00:04]} c5 {[%emt 0:04:42]} 18. d5 {[%emt 0:00:26]} exd5 {[%emt 0:00:07]} 19. exd5 {[%emt 0:00:04]} Nb6 {[%emt 0:01:12]} 20. Nxb6 {[%emt 0:00:46]} axb6 {[%emt 0:01:02]} 21. Nxc4 {[%emt 0:02:50]} Bxc4 {[%emt 0:01:35]} 22. Qxc4 {[%emt 0:00:03]} Ne8 {[%emt 0:01:58]} 23. a4 {[%emt 0:09:10]} Bf6 {[%emt 0:02:09]} 24. Bxf6 {[%emt 0:01:11]} Nxf6 {[%emt 0:00:36]} 25. Qb5 {[%emt 0:09:56]} h6 {[%emt 0:05:24]} 26. a5 {[%emt 0:06:28]} bxa5 {[%emt 0:03:15]} 27. Rxa5 {[%emt 0:00:26]} c4 {[%emt 0:02:29]} 28. Rc1 {[%emt 0:01:39]} c3 {[%emt 0:05:21]} 29. Ra6 {[%emt 0:03:52]} Qe5 {[%emt 0:02:17]} 30. Rc6 {[%emt 0:00:28]} Qd4 {[%emt 0:14:16]} 1/2-1/2

[Event "Mitropa Cup Open 2019"]
[Site "Radenci"]
[Date "2019.05.31"]
[Round "5.4"]
[White "Csonka, Balazs"]
[Black "Di Benedetto, Edoardo"]
[Result "1-0"]
[WhiteElo "2466"]
[BlackElo "2404"]
[Annotator "ChessBase"]
[PlyCount "75"]
[EventDate "2019.05.27"]
[EventType "team-tourn"]
[EventCountry "SLO"]
[SourceTitle "playchess.com"]
[Source "ChessBase"]
[SourceQuality "1"]
[WhiteTeam "HUN"]
[BlackTeam "ITA"]
[BlackTeamCountry "ITA"]
[TimeControl "40/5400+30:1800+30"]

1. d4 {[%emt 0:00:00]} d5 {[%emt 0:00:11]} 2. c4 {[%emt 0:00:00]} e6 {[%emt 0:00:08]} 3. Nf3 {[%emt 0:00:00]} Nf6 {[%emt 0:00:09]} 4. g3 {[%emt 0:00:22]} Be7 {[%emt 0:00:09]} 5. Bg2 {[%emt 0:00:08]} O-O {[%emt 0:01:38]} 6. O-O {[%emt 0:00:23]} dxc4 {[%emt 0:00:08]} 7. Qc2 {[%emt 0:00:49]} a6 {[%emt 0:07:17]} 8. a4 {[%emt 0:01:25]} Bd7 {[%emt 0:04:08]} 9. Rd1 {[%emt 0:15:01]} Bc6 {[%emt 0:04:31]} 10. Nc3 {[%emt 0:00:15]} Nbd7 {[%emt 0:05:44]} 11. e4 {[%emt 0:03:47]} b5 {[%emt 0:07:32]} 12. d5 {[%emt 0:09:38]} exd5 {[%emt 0:09:49]} 13. e5 {[%emt 0:00:51]} Ne4 {[%emt 0:01:59]} 14. Nxd5 {[%emt 0:03:54]} Bxd5 {[%emt 0:00:26]} 15. Rxd5 {[%emt 0:00:11]} Nec5 {[%emt 0:00:16]} 16. axb5 {[%emt 0:12:44]} Qe8 {[%emt 0:13:41]} 17. Rd1 {[%emt 0:24:17]} Nd3 {[%emt 0:08:43]} 18. bxa6 {[%emt 0:01:09]} Bc5 {[%emt 0:00:58]} 19. Rf1 {[%emt 0:04:39]} Qe6 {[%emt 0:02:17]} 20. Ng5 {[%emt 0:03:06]} Qxe5 {[%emt 0:00:12]} 21. Bxa8 {[%emt 0:00:23]} Rxa8 {[%emt 0:00:26]} 22. Qxc4 {[%emt 0:01:40]} Nxf2 {[%emt 0:03:37]} 23. Kg2 {[%emt 0:01:20]} Qf5 {[%emt 0:04:52]} 24. Qf4 {[%emt 0:07:27]} Qd5+ {[%emt 0:06:03]} 25. Qf3 {[%emt 0:00:16]} Qxf3+ {[%emt 0:00:09]} 26. Nxf3 {[%emt 0:00:08]} Ne4 {[%emt 0:00:20]} 27. Bf4 {[%emt 0:01:59]} c6 {[%emt 0:00:13]} 28. Rfd1 {[%emt 0:00:46]} Nb6 {[%emt 0:01:43]} 29. Ne5 {[%emt 0:01:17]} g5 {[%emt 0:01:10]} 30. Bc1 {[%emt 0:00:26]} Re8 {[%emt 0:04:01]} 31. Nxc6 {[%emt 0:00:42]} Re6 {[%emt 0:00:06]} 32. Rd8+ {[%emt 0:02:12]} Kg7 {[%emt 0:00:09]} 33. b4 {[%emt 0:00:07]} Rxc6 {[%emt 0:02:59]} 34. bxc5 {[%emt 0:00:11]} Rxc5 {[%emt 0:00:04]} 35. a7 {[%emt 0:00:31]} Rc2+ {[%emt 0:00:37]} 36. Kg1 {[%emt 0:00:06]} Nc3 {[%emt 0:02:22]} 37. Be3 {[%emt 0:00:24]} Ne2+ {[%emt 0:00:08]} 38. Kh1 {[%emt 0:00:06]} 1-0

[Event "Mitropa Cup Open 2019"]
[Site "Radenci"]
[Date "2019.05.31"]
[Round "5.5"]
[White "Travadon, Loic"]
[Black "Nguyen, Thai Dai Van"]
[Result "0-1"]
[WhiteElo "2441"]
[BlackElo "2548"]
[Annotator "TA"]
[PlyCount "116"]
[EventDate "2019.05.27"]
[EventType "team-tourn"]
[EventCountry "SLO"]
[SourceTitle "playchess.com"]
[Source "ChessBase"]
[SourceQuality "1"]
[WhiteTeam "France"]
[BlackTeam "Czech Republic"]
[WhiteTeamCountry "FRA"]
[BlackTeamCountry "CZE"]

{[%evp 14,116,12,6,7,7,9,0,2,0,3,0,3,17,12,20,17,-2,-8,-7,0,-9,0,-8,-14,-27,-25,-12,-18,-29,-29,-33,-22,-46,-36,-41,-30,-55,-48,-70,-60,-61,-33,-34,-34,-74,-75,-77,-79,-89,-82,-82,-81,-88,-87,-69,-25,-72,-40,-41,-15,-14,0,0,0,-58,-43,-47,-55,-77,-19,-15,-17,-16,0,0,0,0,0,0,0,-10,-13,-16,-25,-101,-8,-74,-95,-89,-8,-8,-8,-1718,-1637,-5057,-2501,-5057,-3822,-5125,-5114,-5069,-5069,-29981,-29982]} 1. e4 e5 2. Nf3 Nf6 3. Nxe5 d6 4. Nf3 Nxe4 5. d3 Nf6 6. d4 d5 7. Bd3 Bd6 8. Qe2+ Be6 {C01: French: Exchange Variation} 9. c4 dxc4 10. Bxc4 Qe7 {aiming for ...Bxc4.The position is equal.} 11. O-O O-O 12. Nc3 h6 13. d5 Bg4 14. Qxe7 Bxe7 {[#]} 15. Bf4 $146 ({Predecessor:} 15. Nb5 Nbd7 16. Re1 {½-½ (40) Carlsen,M (2838)-Caruana,F (2817) Karlsruhe/Baden-Baden 2017}) 15... Bxf3 16. gxf3 Bd6 17. Bxd6 cxd6 18. Nb5 Ne8 19. Rfe1 a6 20. Nd4 Nd7 21. Re7 Nef6 22. Nf5 Rfe8 23. Rxe8+ Nxe8 24. Bb3 Nb6 25. Re1 Kf8 26. Re4 {Black should prevent Rb4.} a5 27. Kg2 h5 28. Ne3 Rc8 29. Nc4 Nxc4 30. Bxc4 $17 {[%mdl 4096] Endgame KRB-KRN} Nf6 31. Rd4 Rc5 32. b4 axb4 33. Bb3 b5 34. Rxb4 Ke7 35. Rd4 g5 36. h3 Nd7 37. f4 gxf4 38. Rxf4 Ne5 39. Rh4 (39. Bd1 $11) 39... Ng6 $1 $15 {[%cal Rg6h4]} 40. Re4+ Kf6 41. Re3 Nf4+ (41... Nh4+ $17 42. Kh2 Kg5) 42. Kg3 $11 Nxd5 43. Rf3+ Ke7 44. Rf5 Nf6 45. Kf4 h4 46. f3 b4 47. Rxc5 dxc5 {KB-KN} 48. Ke5 $1 Nh5 49. Bc4 {[#]} (49. f4 $1 $11) 49... f6+ (49... Ng7 $1 $17 50. f4 Ne6) 50. Kf5 (50. Ke4 $11 {keeps the balance.}) 50... Ng7+ $17 51. Kg4 Ne8 ({Black should play} 51... Kd7 $17) 52. Kxh4 $11 Nd6 53. Bb3 $2 {[%mdl 8192]} (53. Be2 $11) 53... c4 $19 54. Ba4 {[#]} Nf5+ $1 55. Kh5 Kf7 56. f4 c3 57. Kg4 Nd4 58. f5 {[#]} b3 $1 {[%mdl 576] Promotion. Accuracy: White = 46%, Black = 61%.} 0-1

[Event "Mitropa Cup Open 2019"]
[Site "Radenci"]
[Date "2019.05.31"]
[Round "5.6"]
[White "Vykouk, Jan"]
[Black "Joie, Sebastien"]
[Result "1-0"]
[WhiteElo "2451"]
[BlackElo "2425"]
[Annotator "ChessBase"]
[PlyCount "131"]
[EventDate "2019.05.27"]
[EventType "team-tourn"]
[EventCountry "SLO"]
[SourceTitle "playchess.com"]
[Source "ChessBase"]
[SourceQuality "1"]
[WhiteTeam "Czech Republic"]
[BlackTeam "France"]
[WhiteTeamCountry "CZE"]
[BlackTeamCountry "FRA"]
[TimeControl "40/5400+30:1800+30"]

1. e4 {[%emt 0:00:00]} Nf6 {[%emt 0:00:00]} 2. e5 {[%emt 0:00:00]} Nd5 {[%emt 0:00:00]} 3. d4 {[%emt 0:00:21]} d6 {[%emt 0:00:00]} 4. Nf3 {[%emt 0:00:04]} g6 {[%emt 0:00:00]} 5. Bc4 {[%emt 0:01:01]} Nb6 {[%emt 0:00:00]} 6. Bb3 {[%emt 0:00:07]} Bg7 {[%emt 0:00:03]} 7. O-O {[%emt 0:00:23]} O-O {[%emt 0:05:47]} 8. Re1 {[%emt 0:00:23]} dxe5 {[%emt 0:07:08]} 9. Nxe5 {[%emt 0:01:58]} Bxe5 {[%emt 0:00:25]} 10. dxe5 {[%emt 0:00:57]} Qxd1 {[%emt 0:00:07]} 11. Rxd1 {[%emt 0:00:04]} Nc6 {[%emt 0:00:04]} 12. Bh6 {[%emt 0:00:03]} Re8 {[%emt 0:00:19]} 13. Nc3 {[%emt 0:00:46]} Bf5 {[%emt 0:02:18]} 14. Bf4 {[%emt 0:01:53]} Red8 {[%emt 0:14:03]} 15. e6 {[%emt 0:06:47]} Bxe6 {[%emt 0:01:38]} 16. Bxe6 {[%emt 0:00:05]} fxe6 {[%emt 0:00:03]} 17. Bxc7 {[%emt 0:00:06]} Rxd1+ {[%emt 0:00:20]} 18. Rxd1 {[%emt 0:00:05]} Nc4 {[%emt 0:00:18]} 19. Bf4 {[%emt 0:02:41]} e5 {[%emt 0:04:29]} 20. Bg5 {[%emt 0:00:35]} Nd4 {[%emt 0:00:26]} 21. b3 {[%emt 0:02:48]} Nb6 {[%emt 0:04:37]} 22. Ne4 {[%emt 0:01:04]} Nxc2 {[%emt 0:12:03]} 23. Bxe7 {[%emt 0:00:07]} Nd4 {[%emt 0:00:16]} 24. Bf6 {[%emt 0:04:45]} Nc6 {[%emt 0:06:40]} 25. Nc5 {[%emt 0:03:38]} Rf8 {[%emt 0:03:56]} 26. Bg5 {[%emt 0:00:07]} Rf5 {[%emt 0:08:59]} 27. h4 {[%emt 0:01:18]} Rf7 {[%emt 0:02:34]} 28. Rd6 {[%emt 0:01:16]} Nd4 {[%emt 0:05:31]} 29. Rd8+ {[%emt 0:18:18]} Rf8 {[%emt 0:02:13]} 30. Rxf8+ {[%emt 0:00:20]} Kxf8 {[%emt 0:00:01]} 31. Nxb7 {[%emt 0:00:40]} Nd5 {[%emt 0:00:08]} 32. Nc5 {[%emt 0:00:09]} Kf7 {[%emt 0:00:48]} 33. f3 {[%emt 0:01:02]} Nf5 {[%emt 0:03:42]} 34. Kf2 {[%emt 0:01:45]} h6 {[%emt 0:00:30]} 35. Bd2 {[%emt 0:00:06]} Nxh4 {[%emt 0:01:50]} 36. Bxh6 {[%emt 0:00:05]} Nf5 {[%emt 0:00:01]} 37. Bd2 {[%emt 0:00:08]} Ke7 {[%emt 0:00:16]} 38. Ke2 {[%emt 0:00:54]} Nf4+ {[%emt 0:01:02]} 39. Bxf4 {[%emt 0:01:43]} exf4 {[%emt 0:00:06]} 40. Nd3 {[%emt 0:00:00]} g5 {[%emt 0:00:00]} 41. Nc5 {[%emt 0:00:33]} Kf6 {[%emt 0:12:10]} 42. Ne4+ {[%emt 0:00:20]} Kg6 {[%emt 0:00:00]} 43. b4 {[%emt 0:07:43]} Ne3 {[%emt 0:01:45]} 44. Kf2 {[%emt 0:08:14]} Nd1+ {[%emt 0:12:52]} 45. Kg1 {[%emt 0:00:04]} Nb2 {[%emt 0:04:25]} 46. b5 {[%emt 0:00:56]} Na4 {[%emt 0:01:37]} 47. Kh2 {[%emt 0:00:11]} Kf5 {[%emt 0:00:21]} 48. Nd6+ {[%emt 0:00:50]} Ke6 {[%emt 0:00:55]} 49. Nc8 {[%emt 0:00:00]} Nc3 {[%emt 0:00:19]} 50. Nxa7 {[%emt 0:00:00]} Nxa2 {[%emt 0:00:12]} 51. Kh3 {[%emt 0:01:04]} Nb4 {[%emt 0:00:27]} 52. Kg4 {[%emt 0:00:20]} Nd3 {[%emt 0:01:19]} 53. Kxg5 {[%emt 0:00:06]} Ne1 {[%emt 0:00:03]} 54. Kxf4 {[%emt 0:00:06]} Nxg2+ {[%emt 0:00:05]} 55. Ke4 {[%emt 0:00:03]} Kd6 {[%emt 0:00:07]} 56. Nc6 {[%emt 0:00:58]} Nh4 {[%emt 0:00:47]} 57. f4 {[%emt 0:00:35]} Kc5 {[%emt 0:00:31]} 58. Nd4 {[%emt 0:00:06]} Ng6 {[%emt 0:00:04]} 59. f5 {[%emt 0:00:14]} Nh8 {[%emt 0:00:16]} 60. f6 {[%emt 0:02:05]} Nf7 {[%emt 0:01:36]} 61. Kf4 {[%emt 0:01:07]} Kd6 {[%emt 0:13:08]} 62. Kf5 {[%emt 0:00:11]} Kd5 {[%emt 0:01:56]} 63. Kg6 {[%emt 0:01:36]} Ne5+ {[%emt 0:00:23]} 64. Kg7 {[%emt 0:00:05]} Kxd4 {[%emt 0:00:16]} 65. b6 {[%emt 0:00:04]} Kd5 {[%emt 0:00:23]} 66. b7 {[%emt 0:00:12]} 1-0

[Event "Mitropa Cup Open 2019"]
[Site "Radenci"]
[Date "2019.05.31"]
[Round "5.7"]
[White "Di Nicolantonio, Lucas"]
[Black "Kraus, Tomas"]
[Result "1/2-1/2"]
[WhiteElo "2379"]
[BlackElo "2463"]
[Annotator "ChessBase"]
[PlyCount "99"]
[EventDate "2019.05.27"]
[EventType "team-tourn"]
[EventCountry "SLO"]
[SourceTitle "playchess.com"]
[Source "ChessBase"]
[SourceQuality "1"]
[WhiteTeam "France"]
[BlackTeam "Czech Republic"]
[WhiteTeamCountry "FRA"]
[BlackTeamCountry "CZE"]
[TimeControl "40/5400+30:1800+30"]

1. e4 {[%emt 0:00:00]} c5 {[%emt 0:00:00]} 2. Nf3 {[%emt 0:00:00]} Nc6 {[%emt 0:00:00]} 3. d4 {[%emt 0:00:21]} cxd4 {[%emt 0:00:00]} 4. Nxd4 {[%emt 0:00:06]} Qb6 {[%emt 0:01:35]} 5. Nb3 {[%emt 0:01:13]} Nf6 {[%emt 0:00:12]} 6. Nc3 {[%emt 0:01:56]} e6 {[%emt 0:00:10]} 7. Qe2 {[%emt 0:02:53]} d6 {[%emt 0:05:43]} 8. Be3 {[%emt 0:02:02]} Qc7 {[%emt 0:00:08]} 9. O-O-O {[%emt 0:01:12]} h5 {[%emt 0:05:58]} 10. f4 {[%emt 0:08:09]} a6 {[%emt 0:01:17]} 11. g3 {[%emt 0:03:32]} b5 {[%emt 0:02:42]} 12. Bg2 {[%emt 0:00:42]} Bb7 {[%emt 0:01:59]} 13. h3 {[%emt 0:03:24]} Be7 {[%emt 0:05:29]} 14. g4 {[%emt 0:09:46]} O-O-O {[%emt 0:08:07]} 15. Kb1 {[%emt 0:09:01]} Kb8 {[%emt 0:01:11]} 16. Bf3 {[%emt 0:18:13]} hxg4 {[%emt 0:08:03]} 17. hxg4 {[%emt 0:00:08]} Nd7 {[%emt 0:00:12]} 18. Qf2 {[%emt 0:03:38]} g5 {[%emt 0:02:52]} 19. fxg5 {[%emt 0:01:04]} Nce5 {[%emt 0:02:16]} 20. Rh5 {[%emt 0:05:20]} Rhg8 {[%emt 0:01:48]} 21. a4 {[%emt 0:11:25]} b4 {[%emt 0:11:36]} 22. Na2 {[%emt 0:00:10]} Rc8 {[%emt 0:06:20]} 23. Rc1 {[%emt 0:08:35]} a5 {[%emt 0:03:29]} 24. Nd4 {[%emt 0:01:01]} Nc5 {[%emt 0:00:45]} 25. Nb5 {[%emt 0:02:03]} Qd7 {[%emt 0:09:04]} 26. Rd1 {[%emt 0:04:43]} Nxe4 {[%emt 0:10:08]} 27. Bxe4 {[%emt 0:00:05]} Bxe4 {[%emt 0:00:04]} 28. Rd2 {[%emt 0:00:33]} b3 {[%emt 0:06:25]} 29. Nac3 {[%emt 0:00:05]} bxc2+ {[%emt 0:00:03]} 30. Rxc2 {[%emt 0:00:04]} Nxg4 {[%emt 0:01:53]} 31. Ba7+ {[%emt 0:00:37]} Ka8 {[%emt 0:00:13]} 32. Qb6 {[%emt 0:02:34]} Bxc2+ {[%emt 0:02:20]} 33. Kxc2 {[%emt 0:00:05]} Ne5 {[%emt 0:00:47]} 34. Bb8 {[%emt 0:01:21]} Nc4 {[%emt 0:02:29]} 35. Nc7+ {[%emt 0:00:33]} Rxc7 {[%emt 0:00:06]} 36. Qxc7 {[%emt 0:00:11]} Qxc7 {[%emt 0:00:15]} 37. Bxc7 {[%emt 0:00:05]} Kb7 {[%emt 0:02:12]} 38. Nb5 {[%emt 0:00:17]} Rc8 {[%emt 0:00:35]} 39. Rh7 {[%emt 0:00:18]} Ne5 {[%emt 0:00:09]} 40. g6 {[%emt 0:00:00]} Nxg6 {[%emt 0:00:00]} 41. Rxf7 {[%emt 0:00:56]} Ka6 {[%emt 0:15:10]} 42. Kb3 {[%emt 0:14:41]} Rf8 {[%emt 0:00:12]} 43. Rg7 {[%emt 0:00:22]} Rf3+ {[%emt 0:00:03]} 44. Ka2 {[%emt 0:01:02]} Rg3 {[%emt 0:00:11]} 45. Nxd6 {[%emt 0:09:07]} Rg4 {[%emt 0:00:18]} 46. Kb3 {[%emt 0:01:16]} Rb4+ {[%emt 0:00:49]} 47. Ka3 {[%emt 0:01:16]} Rd4 {[%emt 0:03:39]} 48. Rxg6 {[%emt 0:00:08]} Bxd6+ {[%emt 0:00:03]} 49. Bxd6 {[%emt 0:00:07]} Rxd6 {[%emt 0:00:03]} 50. Kb3 {[%emt 0:00:37]} 1/2-1/2